Retrouver le titre du film sans voyelles #2 - Statistiques

Statistiques générales
  • Ce quiz a été pris 183 fois
  • Le résultat moyen est 6 sur 10
Statistiques - réponses
Indice Réponse % Correct
JRSSC PRK Jurassic Park
98%
L LGN VRT La Ligne Verte
98%
BHMN RHPSD Bohemian Rhapsody
88%
NTCHBLS Intouchables
65%
WHPLSH Whiplash
61%
L-HT Là-haut
55%
TH RTST The Artist
52%
NVCTS Invictus
47%
L PNT D L RVR KW Le Pont de la rivière Kwaï
43%
T STR Toy Story
13%
Aucun quiz correspondant
Distribution des résultats
% des personnes avec chaque résultat
Percentile par nombre de réponses
Votre historique - résultats
Vous n’avez pas pris ce quiz